Logo CIB grande

DICCIONARIO DE LA LENGUA ESPAÑOLA (H/Z) (TOMO II) (Registro nro. 221304)

Detalles MARC
000 -LEADER
campo de control de longitud fija 00831nam a2200241Ia 4500
005 - FECHA Y HORA DE LA ÚLTIMA TRANSACCIÓN
campo de control 20250425162039.0
008 - DATOS DE LONGITUD FIJA--INFORMACIÓN GENERAL
campo de control de longitud fija 250425s9999 xx 000 0 und d
020 ## - NÚMERO INTERNACIONAL ESTÁNDAR DEL LIBRO
Número Internacional Estándar del Libro 8423968243
041 ## - CÓDIGO DE IDIOMA
Código de lengua del texto/banda sonora o título independiente spa
082 ## - NÚMERO DE LA CLASIFICACIÓN DECIMAL DEWEY
Número de clasificación 463
010 ## - NÚMERO DE CONTROL DE LA BIBLIOTECA DEL CONGRESO
Número de control de LC 42744
110 ## - ENTRADA PRINCIPAL--NOMBRE DE ENTIDAD CORPORATIVA
Nombre de entidad corporativa o nombre de jurisdicción como elemento de entrada REAL ACADEMIA ESPAÑOLA
245 #0 - MENCIÓN DEL TÍTULO
Título DICCIONARIO DE LA LENGUA ESPAÑOLA (H/Z) (TOMO II)
250 ## - MENCION DE EDICION
Mención de edición 22A ED.
260 ## - PUBLICACIÓN, DISTRIBUCIÓN, ETC.
Lugar de publicación, distribución, etc. España
Nombre del editor, distribuidor, etc. ESPASA
Fecha de publicación, distribución, etc. 2001
260 ## - PUBLICACIÓN, DISTRIBUCIÓN, ETC.
Lugar de publicación, distribución, etc. MADRID
300 ## - DESCRIPCIÓN FÍSICA
Extensión 2368
520 ## - RESUMEN, ETC.
Sumario, etc. DESDE QUE EN 1780 COMPENDIO EL GRAN DICCIONARIO DE AUTORIDADES EN UN SOLO VOLUMEN PARA FACILITAR SU MANEJO Y CONSULTA, NO HA DEJADO LA REAL ACADEMIA DE TRABAJAR EN EL PERFECCIONAMIENTO Y ACTUALIZACION DE SU DICCIONARIO DE LA LENGUA ESPAÑOLA. COMO ES BI
650 ## - PUNTO DE ACCESO ADICIONAL DE MATERIA--TÉRMINO DE MATERIA
Término de materia o nombre geográfico como elemento de entrada DICCIONARIOS-ESPAÑOL
650 ## - PUNTO DE ACCESO ADICIONAL DE MATERIA--TÉRMINO DE MATERIA
Término de materia o nombre geográfico como elemento de entrada LENGUA ESPAÑOLA
650 ## - PUNTO DE ACCESO ADICIONAL DE MATERIA--TÉRMINO DE MATERIA
Término de materia o nombre geográfico como elemento de entrada TERMINOLOGIA
942 ## - ELEMENTOS DE ENTRADA SECUNDARIOS (KOHA)
Tipo de ítem Koha Libros
Existencias
Estatus retirado Estado de pérdida Estado de daño No para préstamo Biblioteca de origen Biblioteca actual Ubicación en estantería Fecha de adquisición Coste, precio normal de compra Etiqueta RFID Total de préstamos Código de barras Copia número Tipo de ítem Koha
        CENTRO DE INFORMACIÓN BIBLIOTECARIA CENTRO DE INFORMACIÓN BIBLIOTECARIA   10/04/2002 31.00 0000000000000000007524   41279 1 Libros
        CENTRO DE INFORMACIÓN BIBLIOTECARIA CENTRO DE INFORMACIÓN BIBLIOTECARIA   10/04/2002 31.00 0000000000000000007523   41280 2 Libros
        CENTRO DE INFORMACIÓN BIBLIOTECARIA CENTRO DE INFORMACIÓN BIBLIOTECARIA   10/04/2002 31.00 0000000000000000007518   41281 3 Libros
        FACULTAD DE INGENIERIA MECANICA Y CIENCIAS DE LA PRODUCCION FACULTAD DE INGENIERIA MECANICA Y CIENCIAS DE LA PRODUCCION   04/08/2004 40.00     50041 4  

Copyright 2025 ESPOL. Todos los derechos reservados.